Modern labor Economics : (Record no. 2368)
[ view plain ]
| 000 -LEADER | |
|---|---|
| fixed length control field | 01271cac a22001931u 4500 |
| 090 ## - LOCALLY ASSIGNED LC-TYPE CALL NUMBER (OCLC); LOCAL CALL NUMBER (OCLC) | |
| -- | 2368 |
| 008 - FIXED-LENGTH DATA ELEMENTS--GENERAL INFORMATION | |
| fixed length control field | 081223t xxu||||| |||| 00| 0 eng d |
| 010 ## - LIBRARY OF CONGRESS CONTROL NUMBER | |
| LC control number | 2004028156 |
| 020 ## - INTERNATIONAL STANDARD BOOK NUMBER | |
| International Standard Book Number | 0321311531 |
| 082 00 - DEWEY DECIMAL CLASSIFICATION NUMBER | |
| Classification number | 331 |
| Item number | EHR |
| 245 10 - TITLE STATEMENT | |
| Title | Modern labor Economics : |
| Remainder of title | Theory and Public Policy / |
| Statement of responsibility, etc | Ronald G. Ehrenberg, Robert S. Smith. |
| 250 ## - EDITION STATEMENT | |
| Edition statement | 9th ed. |
| Remainder of edition statement | Pearson International Edition. |
| 260 ## - PUBLICATION, DISTRIBUTION, ETC. (IMPRINT) | |
| Place of publication, distribution, etc | Boston : |
| Name of publisher, distributor, etc | Pearson/Addison Wesley, |
| Date of publication, distribution, etc | c2006. |
| 300 ## - PHYSICAL DESCRIPTION | |
| Extent | xx, 604 p. : |
| Other physical details | ill. ; |
| Dimensions | 24 cm. |
| 504 ## - BIBLIOGRAPHY, ETC. NOTE | |
| Bibliography, etc | Includes bibliographical references and indexes. |
| 505 0# - FORMATTED CONTENTS NOTE | |
| Formatted contents note | Overview of the labor market -- The demand for labor -- Labor demand elasticities -- Frictions in the labor market -- Supply of labor to the economy: the decision to work -- Labor supply: household production, the family, and the life cycle -- Compensating wage differentials and labor markets -- Investments in human capital: education and training -- Worker mobility: migration, immigration, and turnover -- Pay and productivity: wage determination within the firm -- Gender, race, and ethnicity in the labor market -- Unions and the labor market -- Inequality in earnings -- Unemployment. |
| 856 41 - ELECTRONIC LOCATION AND ACCESS | |
| Materials specified | Table of contents |
| Uniform Resource Identifier | <a href="http://www.loc.gov/catdir/toc/ecip054/2004028156.html">http://www.loc.gov/catdir/toc/ecip054/2004028156.html</a> |
| 942 ## - ADDED ENTRY ELEMENTS (KOHA) | |
| Item type | Book - Borrowing |
| Call number prefix | 331 EHR |
| Source of classification or shelving scheme | Dewey Decimal Classification |
| Withdrawn status | Item status | Source of classification or shelving scheme | Damaged status | Not for loan | Home library | Current library | Shelving location | Date acquired | Source of acquisition | Total Checkouts | Total Renewals | Full call number | Barcode | Date last seen | Date last borrowed | Koha item type |
|---|---|---|---|---|---|---|---|---|---|---|---|---|---|---|---|---|
| Dewey Decimal Classification | Central Library | Central Library | First floor | 19/02/2007 | Purchase | 7 | 1 | 331 EHR | 000001691 | 15/07/2025 | 22/11/2016 | Book - Borrowing |